<?xml version="1.0" encoding="UTF-8"?>
<record
    xmlns:xsi="http://www.w3.org/2001/XMLSchema-instance"
    xsi:schemaLocation="http://www.loc.gov/MARC21/slim http://www.loc.gov/standards/marcxml/schema/MARC21slim.xsd"
    xmlns="http://www.loc.gov/MARC21/slim">

  <leader>01350nam a22002777a 4500</leader>
  <datafield tag="999" ind1=" " ind2=" ">
    <subfield code="c">118712</subfield>
    <subfield code="d">118712</subfield>
  </datafield>
  <controlfield tag="003">dpl</controlfield>
  <controlfield tag="005">20181224142141.0</controlfield>
  <controlfield tag="008">181224b           ||||| |||| 00| 0 eng d</controlfield>
  <datafield tag="010" ind1=" " ind2=" ">
    <subfield code="a">B-138392, B-138400</subfield>
  </datafield>
  <datafield tag="020" ind1=" " ind2=" ">
    <subfield code="c">195.00</subfield>
    <subfield code="a">8181500210</subfield>
  </datafield>
  <datafield tag="035" ind1=" " ind2=" ">
    <subfield code="a">B-138392, B-138400</subfield>
  </datafield>
  <datafield tag="037" ind1=" " ind2=" ">
    <subfield code="b">Cen Lib/Ret</subfield>
  </datafield>
  <datafield tag="040" ind1=" " ind2=" ">
    <subfield code="a">DPL</subfield>
    <subfield code="b">HN</subfield>
    <subfield code="c">0</subfield>
  </datafield>
  <datafield tag="082" ind1=" " ind2=" ">
    <subfield code="a">363.22</subfield>
    <subfield code="b">&#x935;&#x93F;&#x936;&#x94D;&#x928;&#x94B;&#x908; </subfield>
  </datafield>
  <datafield tag="100" ind1=" " ind2=" ">
    <subfield code="a">&#x935;&#x93F;&#x936;&#x94D;&#x928;&#x94B;&#x908;, &#x913;&#x92E;&#x930;&#x93E;&#x91C; &#x938;&#x93F;&#x902;&#x939; </subfield>
    <subfield code="9">8559</subfield>
  </datafield>
  <datafield tag="245" ind1=" " ind2=" ">
    <subfield code="a">&#x92A;&#x941;&#x932;&#x93F;&#x938;, &#x905;&#x92A;&#x930;&#x93E;&#x927; &#x924;&#x925;&#x93E; &#x926;&#x932;&#x93F;&#x924; /</subfield>
    <subfield code="c">&#x913;&#x92E;&#x930;&#x93E;&#x91C; &#x938;&#x93F;&#x902;&#x939; &#x935;&#x93F;&#x936;&#x94D;&#x928;&#x94B;&#x908;</subfield>
  </datafield>
  <datafield tag="246" ind1=" " ind2=" ">
    <subfield code="a">Police, apradh tatha dalit /</subfield>
    <subfield code="b">by Omraj Singh Vishnoi </subfield>
  </datafield>
  <datafield tag="260" ind1=" " ind2=" ">
    <subfield code="a">&#x928;&#x908; &#x926;&#x93F;&#x932;&#x94D;&#x932;&#x940; </subfield>
    <subfield code="b">&#x905;&#x930;&#x93E;&#x935;&#x932;&#x940; &#x92C;&#x941;&#x915;&#x94D;&#x938; &#x907;&#x902;&#x91F;&#x930;&#x928;&#x947;&#x936;&#x928;&#x932; </subfield>
    <subfield code="c">2004</subfield>
  </datafield>
  <datafield tag="270" ind1=" " ind2=" ">
    <subfield code="b">&#x928;&#x908; &#x926;&#x93F;&#x932;&#x94D;&#x932;&#x940; </subfield>
    <subfield code="a">&#x921;&#x92C;&#x94D;&#x932;&#x94D;&#x92F;&#x942;-30, &#x913;&#x916;&#x932;&#x93E; &#x907;&#x902;&#x921;&#x938;&#x94D;&#x91F;&#x94D;&#x930;&#x93F;&#x92F;&#x932; &#x90F;&#x930;&#x93F;&#x92F;&#x93E;, &#x92B;&#x947;&#x91C;-2</subfield>
    <subfield code="e">110020</subfield>
  </datafield>
  <datafield tag="300" ind1=" " ind2=" ">
    <subfield code="a">205&#x92A;&#x943;. :</subfield>
    <subfield code="c">20&#x938;&#x947;&#x92E;&#x940;(&#x905;&#x91C;&#x93F;&#x932;&#x94D;&#x926;)</subfield>
    <subfield code="b">&#x930;&#x902;&#x917;&#x940;&#x928; &#x91A;&#x93F;&#x924;&#x94D;&#x930; </subfield>
  </datafield>
  <datafield tag="650" ind1=" " ind2=" ">
    <subfield code="a">&#x905;&#x92A;&#x930;&#x93E;&#x927; &#x914;&#x930; &#x92A;&#x941;&#x932;&#x93F;&#x938; </subfield>
    <subfield code="9">1726</subfield>
  </datafield>
  <datafield tag="650" ind1=" " ind2=" ">
    <subfield code="a">&#x926;&#x932;&#x93F;&#x924; &#x906;&#x928;&#x94D;&#x926;&#x94B;&#x932;&#x928; -- &#x92A;&#x94D;&#x930;&#x915;&#x943;&#x924;&#x93F; &#x924;&#x925;&#x93E; &#x938;&#x94D;&#x935;&#x930;&#x941;&#x92A; </subfield>
    <subfield code="9">81575</subfield>
  </datafield>
  <datafield tag="650" ind1=" " ind2=" ">
    <subfield code="a">Crime and Police</subfield>
    <subfield code="9">81576</subfield>
  </datafield>
  <datafield tag="650" ind1=" " ind2=" ">
    <subfield code="a">Dalit movement - nature and nature</subfield>
    <subfield code="9">81577</subfield>
  </datafield>
  <datafield tag="942" ind1=" " ind2=" ">
    <subfield code="2">ddc</subfield>
    <subfield code="c">HN</subfield>
    <subfield code="h">363.22</subfield>
    <subfield code="m">&#x935;&#x93F;&#x936;&#x94D;&#x928;&#x94B;&#x908; </subfield>
  </datafield>
  <datafield tag="952" ind1=" " ind2=" ">
    <subfield code="0">0</subfield>
    <subfield code="1">0</subfield>
    <subfield code="4">0</subfield>
    <subfield code="7">0</subfield>
    <subfield code="a">L</subfield>
    <subfield code="b">L</subfield>
    <subfield code="d">2015-09-12</subfield>
    <subfield code="e">Cen Lib/Ret</subfield>
    <subfield code="g">195.00</subfield>
    <subfield code="l">4</subfield>
    <subfield code="o">363.22 &#x935;&#x93F;&#x936;&#x94D;&#x928;&#x94B;&#x908;</subfield>
    <subfield code="p">B-138392</subfield>
    <subfield code="r">2022-06-09 00:00:00</subfield>
    <subfield code="s">2022-06-03</subfield>
    <subfield code="t">1</subfield>
    <subfield code="v">195.00</subfield>
    <subfield code="w">2015-09-12</subfield>
    <subfield code="y">HN</subfield>
  </datafield>
  <datafield tag="952" ind1=" " ind2=" ">
    <subfield code="0">0</subfield>
    <subfield code="1">0</subfield>
    <subfield code="2">ddc</subfield>
    <subfield code="4">0</subfield>
    <subfield code="7">0</subfield>
    <subfield code="8">NFIC</subfield>
    <subfield code="a">BL4</subfield>
    <subfield code="b">BL4</subfield>
    <subfield code="d">2018-12-24</subfield>
    <subfield code="e">BPPD/PUB</subfield>
    <subfield code="g">195.00</subfield>
    <subfield code="l">0</subfield>
    <subfield code="o">363.22 &#x935;&#x93F;&#x936;&#x94D;&#x928;&#x94B;&#x908;</subfield>
    <subfield code="p">B-138400</subfield>
    <subfield code="r">2018-12-24 00:00:00</subfield>
    <subfield code="v">195.00</subfield>
    <subfield code="w">2018-12-24</subfield>
    <subfield code="y">HN</subfield>
  </datafield>
</record>
